00858nam a2200241Ia 4500003000900000008004100009020001800050040001600068080001700084100002300101245011800124260004800242300001700290650001400307650002900321650002600350700002600376700002300402700002300425942000700448999001700455952014400472IN-BaIIA211028s9999 xx 000 0 eng d a0-521-56330-5 cIIA Library a524.834bPEN aPenrose, R.910419 4aThe large, the small and the human mindcR. Penrose…[et. al.]  aCambridgebCambridge University Pressc1997 axviii, 185p. aCosmology aPhysical universe921131 aQuantum physics92816 aCartwright, N.921132 aHawking, S.920714 aShimony, A.921133 cBK c12120d12120 00104070aBANbBANcGENd1997-07-07eFBB g595.00l1o524.834/ PENp13036r2024-06-28s2024-06-10v595.00w1997-07-07yBKGRs. 595.00